00334nam a2200121 a 450000500170000000800410001702000180005805000180007610000190009424500460011326000350015944000180019420140414132106.0100902s19uu xx 00 eng d a9780439691918 aFICbM46 2003 aMeadows, Daisy aFern the green fairy /cby Daisy Meadows. aNew York :bScholastic,c2003. aRainbow magic